| 000 | 00765cam a2200241 4500 | ||
|---|---|---|---|
| 008 | 090401t1995 xxu||||| |||| 00| 0 eng d | ||
| 020 | _a0198259085 | ||
| 035 | _a(Sirsi) u4105 | ||
| 041 | _aeng | ||
| 050 | _a380.1 | ||
| 100 | _aHarvey, Brian W | ||
| 245 | _aAuctions: law and practice | ||
| 250 | _a2nd ed. | ||
| 260 |
_aOxford _bOxford University Press _c1995 |
||
| 300 | _axxxviii,401p. ; 24cm. | ||
| 350 | _a45 | ||
| 520 | _aA comprehensive guide to the law of auctions incorporating the latest legislation and references to case law. Includes chapters on the sale of land, duties and liabilities of auctioneers and VAT. | ||
| 650 | _aAUCTION LAW | ||
| 690 |
_aAuctioneering _96218 |
||
| 700 | _aMeisel, F. | ||
| 942 | _n0 | ||
| 948 | _c04/03/1997 | ||
| 999 |
_c85992 _d85992 |
||